| 000 | 00530cam a22002291 4500 | ||
|---|---|---|---|
| 001 | sa 63001487 | ||
| 003 | DLC | ||
| 005 | 20260227111927.0 | ||
| 008 | 940805s1962 ii 000 1 beno | ||
| 010 | _asa 63001487 | ||
| 025 | _aPL480:I-B-33 | ||
| 035 | _a(OCoLC)30890558 | ||
| 040 |
_aDLC _cCU _dCU _dDLC |
||
| 042 | _apremarc | ||
| 050 | 0 | 0 |
_aPK1718.S29 _bN3 |
| 100 | 1 | _aSanyal, Narayan. | |
| 245 | 1 | 0 | _aNaimishāraṇya. |
| 260 | _c[1962] | ||
| 300 |
_a518 p. _c23 cm. |
||
| 500 | _aIn Bengali. | ||
| 500 | _aA novel. | ||
| 999 |
_c53988 _d53988 |
||